| 000 | 00445nam a2200181Ia 4500 | ||
|---|---|---|---|
| 001 | 22687 | ||
| 005 | 20260414150847.0 | ||
| 008 | 260414t1999||||xx |||||||||||||| ||spa|| | ||
| 041 | _aESP | ||
| 082 |
_a621.3841 _bM22 |
||
| 100 |
_aManning, Trevor _eAUT |
||
| 245 | 0 |
_aMicrowave radio transmission design guide _b |
|
| 260 | _c1999 | ||
| 300 |
_axvii, 231 páginas : _c23 cm. |
||
| 650 | _aTCA | ||
| 654 | _aCET | ||
| 942 |
_cLIB _dJUS _fJUS _2ddc _n |
||
| 999 |
_c22687 _d22687 |
||